| 000 | 00904nam a22002295a 4500 | ||
|---|---|---|---|
| 003 | OSt | ||
| 005 | 20161206150428.0 | ||
| 008 | 161206s2016 ua frb 000 0 ara d | ||
| 040 |
_aEG-ScBUE _bara _cEG-ScBUE |
||
| 043 | _af-ua--- | ||
| 082 | 0 | 4 |
_a344.6201 _bج ع ف _222 |
| 100 | 1 | _aجعفر، أنس. | |
| 245 | 1 | 2 |
_aالوظيفة العامة : _bدراسة الأصول العامة والتحليلية لقانون الخدمة المدنية الجديد / _cأنس جعفر، أشرف أنس جعفر. |
| 260 |
_aالقاهرة : _bدار النهضة العربية، _c2016. |
||
| 300 |
_a58 ص. ؛ _c24 سم. |
||
| 504 | _aيشتمل على إرجاعات ببليوجرافية. | ||
| 650 | 7 |
_aالعمل والعمال _xقوانين وتشريعات _zمصر. _2BUEsh _910938 |
|
| 651 | _2BUEsh | ||
| 653 |
_bLLAAWW _cDecember2016 |
||
| 700 | 1 | _aجعفر، أشرف أنس. | |
| 942 | _2ddc | ||
| 999 |
_c23475 _d23447 |
||